An analysis of the machine trade.

Bibliographic Details
Main Author: Hicks, Ray W.
Format: Book
Language:English
Published: Oswego (N.Y.) : State Normal School, 1919.
Series:Industrial teacher training monographs ; no. 4
Subjects:

MARC

Tag First Indicator Second Indicator Subfields
LEADER 00000cam a22000005 4500
001 in00000626921
005 20151015060007.0
008 801224s1919 nyu s00000 eng d
035 |a (OCoLC)07034614 
035 |9 ACV2698AM 
040 |a TXA  |c TXA  |d UtOrBLW 
049 |a TXAM  |c [30508] 
090 |a HD9705.U6  |b H53 1919 
092 |a 621.75  |b H631a 
100 1 |a Hicks, Ray W. 
245 1 3 |a An analysis of the machine trade. 
264 1 |a Oswego (N.Y.) :  |b State Normal School,  |c 1919. 
300 |a 43 . 
336 |a text  |b txt  |2 rdacontent 
337 |a unmediated  |b n  |2 rdamedia 
338 |a volume  |b nc  |2 rdacarrier 
490 0 |a Industrial teacher training monographs ;  |v no. 4 
500 |a At head of title: State Education Department. Division of Agricultural and Industrial Education. Lewis A. Wilson, Director. 
500 |a Typewritten copy, on one side of leaf only. 
650 0 |a Machinery industry. 
999 |a MARS 
999 f f |s c5afda08-9e8a-39ad-b064-b7b897e29320  |i 8cf1e132-9892-3308-8bad-963ace582993  |t 0 
952 f f |p ric  |a Texas A&M University  |b Rellis Campus  |c Joint Library Facility  |d Remote Storage  |t 0  |e HD9705.U6 H53 1919  |h Library of Congress classification  |i unmediated -- volume  |m A14801041577 
998 f f |a HD9705.U6 H53 1919  |t 0  |l Remote Storage